000 00431cam a2200181ua 4500
001 10393
008 190122n ii |||gr||||Z||||||hin
020 _a9780143418498
040 _cMAIN
041 _ahin
082 _a891.433
245 _aNoshe ka doriya (H)
_cBy Amitabh Ghosh
260 _aGurgaon:
_bPenguin books,
_c2012.
300 _a466p.
653 _aHindi novel
700 _aAkbar, Naved,
_eTranslator.
942 _cBK
999 _c9382
_d9382